| 000 | 00755nam a2200217 i 4500 | ||
|---|---|---|---|
| 001 | 80464 | ||
| 003 | ES-MaACL | ||
| 005 | 20230906174224.0 | ||
| 007 | t| | ||
| 008 | 041028s1982 sp ||||1| spa d | ||
| 100 | 1 |
_aHilton, R. H. _9150106 |
|
| 245 | 1 | 0 |
_aSiervos liberados _b: los movimientos campesinos medievales y el levantamiento inglés de 1831 / _cpor Rodney Hilton ; [traducción, Aurelio Martínez Benito]. |
| 250 | _a[2ª ed.]. | ||
| 260 |
_a[Madrid] : _bSiglo Veintiuno, _c[1982] |
||
| 300 |
_a321 p. ; _c20 cm. |
||
| 490 | 1 | _aHistoria de los movimientos sociales | |
| 700 | 1 |
_aMartínez Benito, Aurelio. _977891 |
|
| 830 | 0 |
_aHistoria de los movimientos sociales _9180737 |
|
| 852 |
_aES-MaACL _jL-2887 _bR.103567 |
||
| 999 |
_c80464 _d80464 |
||